| 000 | 01309cam a2200325 a 4500 | ||
|---|---|---|---|
| 001 | 12752546 | ||
| 003 | PILC | ||
| 005 | 20150112093448.0 | ||
| 008 | 020424s2001 xxu f 001 0 eng | ||
| 010 | _a 2002281490 | ||
| 020 | _a1888777524 | ||
| 040 |
_aDLC _cDLC _dDLC |
||
| 050 | 0 | 0 |
_aPE 1112 _b.N48 1998 |
| 082 | 0 | 0 | _a808/.042 |
| 245 | 0 | 4 | _aThe new international Webster's pocket grammar, speech and style dictionary of the English language / |
| 246 | 3 | _aNew international Webster's pocket grammar, speech, and style dictionary of the English language | |
| 246 | 3 | 0 | _aWebster's pocket grammar, speech & style dictionary of the English language |
| 246 | 3 | 0 | _aPocket grammar, speech & style dictionary of the English language |
| 250 | _a2000 ed. | ||
| 260 |
_a[S.l.] : _bTrident Press International, _xyz1998. |
||
| 300 |
_avi, 314 pages : _c17 cm. |
||
| 504 | _aIncludes index. | ||
| 650 | 0 |
_aEnglish language _xGrammar _vHandbooks, manuals, etc. |
|
| 650 | 0 |
_aEnglish language _xSpoken English _vHandbooks, manuals, etc. |
|
| 650 | 0 |
_aEnglish language _xStyle _vHandbooks, manuals, etc. |
|
| 710 | 2 | _aTrident Press International. | |
| 906 |
_a7 _bcbc _corigcop _d2 _encip _f20 _gy-gencatlg |
||
| 942 |
_2lcc _cBK |
||
| 999 |
_c276688 _d276688 |
||